| 000 | 00440nam a2200145 4500 | ||
|---|---|---|---|
| 001 | 145482 | ||
| 003 | ES-MaACL | ||
| 007 | t| | ||
| 008 | 070214s1965 xxu r ||||1| eng d | ||
| 100 | 1 |
_aSpiegel, Murray R. _9107717 |
|
| 245 | 1 | 0 |
_aTheory and problems of Laplace transformations / _cMurray R. Spiegel. |
| 260 |
_aNew York : _bSchaum Publishing Co., _c1965. |
||
| 300 |
_a261 p. : _bil. ; _c28 cm. |
||
| 852 |
_aES-MaACL _j69162 _bR.C-35661 |
||
| 999 |
_c145482 _d145482 |
||